Revenue center practices of barangays in mainland Binangonan Rizal: an assessment/ (Record no. 83777)

MARC details
000 -LEADER
fixed length control field 02305nam a22002777a 4500
003 - CONTROL NUMBER IDENTIFIER
control field URS
005 - DATE AND TIME OF LATEST TRANSACTION
control field 20260120093839.0
008 - FIXED-LENGTH DATA ELEMENTS--GENERAL INFORMATION
fixed length control field 250728b |||||||| |||| 00| 0 eng d
100 ## - MAIN ENTRY--PERSONAL NAME
Personal name Cruz, Alicia Mae
Relator term researcher
245 ## - TITLE STATEMENT
Title <a href="Revenue center practices of barangays in mainland Binangonan Rizal: an assessment/">Revenue center practices of barangays in mainland Binangonan Rizal: an assessment/</a>
Remainder of title Alicia Mae Cruz.
260 ## - PUBLICATION, DISTRIBUTION, ETC. (IMPRINT)
Date of publication, distribution, etc 2025
300 ## - PHYSICAL DESCRIPTION
Extent xii, 98 leaves;
Dimensions 28 cm.
336 ## - CONTENT TYPE
Source rdacontent
Content type term text
337 ## - MEDIA TYPE
Source rdamedia
Media type term unmediated
338 ## - CARRIER TYPE
Source rdacarrier
Carrier type term volume
502 ## - DISSERTATION NOTE
Dissertation note Undergraduate Thesis
Degree type Bachelor of Science in Business Administration Major in Financial Management
Name of granting institution University of Rizal System Binangonan
Year degree granted 2025
520 ## - SUMMARY, ETC.
Summary, etc "This study examines the revenue generation practices of barangays in<br/>Mainland Binangonan, Rizal. It aims to assess the sources of revenue, including<br/>taxation, public-private partnerships (PPP), service fees and charges, and grants<br/>and donations. The study analyzes the effectiveness of these revenue streams and the challenges faced by barangays in financial sustainability. Data were<br/>collected from barangay officials through a questionnaire and analyzed using<br/>statistical methods such as frequency distribution and one-way ANOVA. Findings<br/>reveal that public-private partnerships, taxation, and service fees are the most<br/>significant sources of revenue, while grants and donations play a secondary role.<br/>Challenges such as environmental constraints, dependency on the Internal<br/>Revenue Allotment (IRA), and inefficient tax collection were identified as key<br/>barriers to financial stability. The study concludes that improving tax enforcement,<br/>enhancing transparency in PPP agreements, and strengthening donor<br/>engagement are essential for optimizing revenue generation practices.<br/>Keywords: Barangay Revenue Generation, Taxation, Public-Private Partnerships,<br/>Service Fees, Grants and Donations<br/>"
690 ## - Local Subject Access Fields (UN SDG)
UN SDG UN SDG 16: Peace, Justice and Strong Institutions
700 ## - ADDED ENTRY--PERSONAL NAME
Personal name Billy M. Ines
Relator term Adviser
700 ## - ADDED ENTRY--PERSONAL NAME
Personal name Jasmine Camille Teczon
Relator term researcher
700 ## - ADDED ENTRY--PERSONAL NAME
Personal name Valerie Jane Vasquez
Relator term researcher
700 ## - ADDED ENTRY--PERSONAL NAME
Personal name Nathalie Marie Villafe
Relator term researcher
856 ## - ELECTRONIC LOCATION AND ACCESS
Materials specified Online Request for Student Unpublished Works
Uniform Resource Identifier https://forms.gle/7LqvGGkaDrUQqz429
856 ## - ELECTRONIC LOCATION AND ACCESS
Uniform Resource Identifier https://drive.google.com/file/d/1yCwsZrcNSp5MIAW79_QYxea6AI1tuyJV/view?usp=drive_link
942 ## - ADDED ENTRY ELEMENTS (KOHA)
Source of classification or shelving scheme Library of Congress Classification
Koha item type Theses and dissertations
Holdings
Withdrawn status Source of classification or shelving scheme Damaged status Not for loan Home library Current library Date acquired Total Checkouts Full call number Barcode Date last seen Price effective from Koha item type
  Library of Congress Classification     Binangonan College Library Binangonan College Library 07/28/2025   BSFM C8892r 2025 URSBIN-UGT3274 07/28/2025 07/28/2025 Theses and dissertations

University of Rizal System
Email us at univlibservices@urs.edu.ph

Visit our Website www.urs.edu.ph/library